000 01177nam0a22002531 4500
001 rc\634249
005 20260407004726.0
035 _a(NLR Aleph) 005876197
090 _a6030323
_c6030323
100 _a20031121d1986 |||y0rusy50 ca
101 0 _arus
102 _aRU
105 _ay |||||||||
200 1 _aМетоды создания высокопродуктивных стад овец и коз в Казахстане
_e[Сб. науч. тр.]
_fВост. отд-ние ВАСХНИЛ, Каз. н.-и. технол. ин-т овцеводства
_g[Редкол.: А.В. Метлицкий (отв. ред.) и др.]
210 _aАлма-Ата
_cВО ВАСХНИЛ
_d1986 (1987)
215 _a174 с.
_d21
320 _aБиблиогр. в конце ст.
702 1 _aМетлицкий
_bА.В.
_gАлексей Васильевич
_4340
712 0 2 _aКазахский научно-исследовательский технологический институт овцеводства
_cАлма-Ата
_3RU\NLR\AUTH\889995666
_9488302
801 0 _aRU
_bNLR
_gpsbo
801 1 _aRU
_bELAR
_2rusmarc
852 _aNLR
_j87-3/12582
942 _cBOOK
980 _aNB